Lana Del Rey - White Mustang Lyrics - Statistics

General Stats
  • This quiz has been taken 108 times
  • The average score is 172 of 209
Answer Stats
Answer % Correct
I
98%
Mustang
98%
mustang
98%
white
98%
White
98%
you
98%
a
97%
the
97%
The
97%
your
97%
Your
97%
day
94%
for
94%
saw
94%
all
92%
my
92%
it
90%
like
89%
summer
89%
things
89%
you're
89%
You're
89%
But
87%
'Cause
87%
'cause
87%
Packin'
87%
bummer
84%
was
84%
it's
83%
me
83%
and
81%
And
81%
Could
81%
in
81%
record
81%
liked
79%
lot
79%
on
79%
way
79%
couldn't
78%
dropped
78%
stop
78%
killer
76%
that
76%
when
76%
hit
75%
just
73%
said
73%
Said
73%
didn't
71%
feelin'
71%
got
71%
number
71%
wild
70%
call
68%
gonna
68%
been
67%
fool
67%
Lyin'
67%
up
67%
bed
65%
believin'
65%
Everybody
65%
such
65%
change
63%
what
63%
arms
62%
too
62%
ways
62%
dress
60%
little
60%
That's
60%
filters
59%
dreams
57%
I've
57%
leavin'
57%
lightnin'
57%
revvin'
57%
thought
57%
you've
57%
gettin'
56%
livin'
56%
tight
56%
were
56%
meant
52%
of
52%
Slippin'
52%
sound
52%
Summer's
52%
soft
51%
Caught
49%
Held
49%
forgettin'
48%
lovin'
46%
actin'
44%
frightenin'
44%
armageddon
41%
part
35%
No matching quizzes found
Score Distribution
Percent of People with Each Score
Percentile by Number Answered
Your Score History
You have not taken this quiz